Meilleurs Buteurs de la Ligue des Champions depuis 2010 - Football - Statistiques

Statistiques générales
  • Ce quiz a été pris 222 fois
  • Le résultat moyen est 17 sur 20
Statistiques - réponses
Buts Nationalité Joueur % Correct
118 Portugal Cristiano Ronaldo
100%
49 Norvège Erling Haaland
99%
55 France Kylian Mbappé
99%
104 Argentine Lionel Messi
99%
47 Égypte Mohamed Salah
99%
77 France Karim Benzema
97%
105 Pologne Robert Lewandowski
97%
43 Brésil Neymar
96%
35 Uruguay Edison Cavani
95%
40 Angleterre Harry Kane
94%
29 Suède Zlatan Ibrahimovic
94%
27 Sénégal Sadio Mané
93%
54 Allemagne Thomas Müller
92%
27 Uruguay Luis Suarez
91%
42 France Antoine Griezmann
88%
29 Brésil Vinicius Junior
78%
36 Argentine Sergio Agüero
61%
29 Espagne Alvaro Morata
55%
25 Brésil Rodrygo
54%
27 Angleterre Raheem Sterling
38%
Aucun quiz correspondant
Distribution des résultats
% des personnes avec chaque résultat
Percentile par nombre de réponses
Votre historique - résultats
Vous n’avez pas pris ce quiz